| 000 | 00352nam a22001337a 4500 | ||
|---|---|---|---|
| 005 | 20250924152614.0 | ||
| 008 | 250924b |||||||| |||| 00| 0 eng d | ||
| 050 |
_aS674 _b.4 NAK |
||
| 100 | _aNAKRA C. P. | ||
| 245 | _aFARM MACHINES AND EQUIPMENT | ||
| 260 |
_aNEW DELHI _bDHANPAT RAI PUBLISHING COMPANY LTD _c1980 |
||
| 300 | _a512p | ||
| 942 |
_2lcc _cBK _n0 |
||
| 999 |
_c7695 _d7695 |
||